Stochastic controls : Hamiltonian systems and HJB equations

Αποθηκεύτηκε σε:
Λεπτομέρειες βιβλιογραφικής εγγραφής
Κύριος συγγραφέας: Yong, J. (Jiongmin), 1958-
Άλλοι συγγραφείς: Zhou, Xun Yu
Μορφή: Βιβλίο
Γλώσσα:English
Δημοσίευση: Berlin ; Heidelberg : Springer, c1999
Σειρά:Applications of mathematics ; ; 43
Θέματα:
Ετικέτες: Προσθήκη ετικέτας
Δεν υπάρχουν, Καταχωρήστε ετικέτα πρώτοι!

MARC

LEADER 00000cam a2200000 i 4500
001 1/96221
008 991214s1999 eng d
020 |a 0387987231 
035 |l 10055671 
040 |a GR-MY-UA  |b gre  |e aacr 
041 0 |a eng 
082 0 |a 629.8312 
100 1 |a Yong, J.   |q (Jiongmin),   |d 1958- 
245 1 0 |a Stochastic controls :  |b Hamiltonian systems and HJB equations /  |c Jiongmin Yong, Xun Yu Zhou 
260 |a Berlin ; Heidelberg :   |b Springer,   |c c1999 
300 |a xx, 438 p.;  |c 25 cm. 
490 1 |a Applications of mathematics  |v ; 43 
504 |a Includes bibliographical references and index 
650 0 0 |a Stochastic control theory. 
650 0 0 |a Mathematical optimization. 
650 0 0 |a Hamiltonian systems. 
650 0 0 |a Hamilton-Jacobi equations. 
700 1 |a Zhou, Xun Yu. 
830 0 |a Applications of mathematics ;  |v ; 43 
852 |a INST  |b SAMOS  |e 19991214  |h 629.8312 YON  |p 005300016263  |q 005300016263  |t BK  |y 0 
901 |a BIBL3-1999-3 
909 |a Σ  |b 067498 
922 |a 3ΕΛΗ  |b 199911  |c ΕΠΕΑΕΚ/ΜΑΘ  |d LEADER 
970 |a ΓΕΝΟΥΖΟΥ  |b ΧΡΥΣΑΝΘΗ  |z 1999/12/14